Ternuras entre el mar y el cielo / (Registro nro. 7725)

Detalles MARC
000 -LIDER
fixed length control field 01027nam a2200301 a 4500
001 - NÚMERO DE CONTROL
Identificador de número de control 000013134
003 - IDENTIFICACDOR DE NÚMERO DE CONTROL
control field DO-SdBPM
005 - DATE AND TIME OF LATEST TRANSACTION
control field 20250210110633.0
007 - CAMPOS FIJOS DE DESCRIPCIÓN FÍSICA
fixed length control field 000013134
008 - ELEMENTOS DE LONGITUD FIJA
fixed length control field 091120s2000 dr a 000 0 spa d
040 ## - FUENTE DE CATALOGACIÓN
Agencia que crea de manera original el registro DO-SdBPM
Idioma de catalogación spa
Agencia que realiza la transcripción BPMSU
082 #4 - NÚMERO DE CLASIFICACIÓN DECIMAL DE DEWEY
Classification number RD863.44
Item number G861t 2000
Edition number 22
092 ## - LOCALLY ASSIGNED DEWEY DECIMAL CALL NUMBER
Número de clasificación xxxx
Número de ítem (Cutter) G861t
100 1# - ASIENTO PRINCIPAL -- NOMBRE PERSONAL
Nombre personal Grimaldi Silié, Eleonor
245 10 - MENCIÓN DE TITULO
Título Ternuras entre el mar y el cielo /
Mención de responsabilidad Eleonor Grimaldi Silié ; ilustraciones Julio César Martínez.
260 ## - PUBLICACIÓN, DISTRIBUCIÓN, ETC. (PIE DE IMPRENTA)
Lugar de publicación, distribución, etc Santo Domingo :
Nombre del editor, distribuidor, etc. Editora Búho,
Fecha de publicación, distribución, etc 2000.
300 ## - DESCRIPCIÓN FÍSICA
Extensión 37 p. :
Otros detalles físicos il. ;
Dimensiones 28 cm.
490 0# - MENCIÓN DE SERIES
Mención de serie Cuentos Infantiles
500 ## - NOTA GENERAL
Nota general Incluye datos biográficos de la autora en la contracubierta
590 ## - NOTA LOCAL
Texto de la nota local Inventariado, 2025/VM
650 #4 - ENCABEZAMIENTO DE MATERIA--TEMÁTICO
Término temático o nombre geográfico como elemento de entrada Cuentos infantiles dominicanos
650 #4 - ENCABEZAMIENTO DE MATERIA--TEMÁTICO
Término temático o nombre geográfico como elemento de entrada Literatura infantil dominicana
650 #4 - ENCABEZAMIENTO DE MATERIA--TEMÁTICO
Término temático o nombre geográfico como elemento de entrada Libros ilustrados infantiles
700 1# - ASIENTO SECUNDARIO -- NOMBRE PERSONAL
Nombre personal Lebrón Saviñon, Mariano,
Mención de responsabilidad prólogo
700 1# - ASIENTO SECUNDARIO -- NOMBRE PERSONAL
Nombre personal Martínez, Julio César,
Mención de responsabilidad ilustraciones
910 ## - VALIDACIÓN
Validación VMateo V. Control de calidad. BPMSU
942 ## - ADDED ENTRY ELEMENTS (KOHA)
Source of classification or shelving scheme Dewey Decimal Classification
Koha item type Libros
Existencias
Withdrawn status Lost status Source of classification or shelving scheme Damaged status Not for loan Collection code Home library Current library Date acquired Total Checkouts Full call number Barcode Date last seen Price effective from Koha item type Copy number
    Dewey Decimal Classification     Colección Infantil Dominicana Biblioteca Pública Metropolitana Salomé Ureña Biblioteca Pública Metropolitana Salomé Ureña 04/28/2015   BPMSU CDI RD863.44 G861t 2000 BPMSU15041411 04/28/2015 04/28/2015 Libros  
    Dewey Decimal Classification     Colección Infantil Dominicana Biblioteca Pública Metropolitana Salomé Ureña Biblioteca Pública Metropolitana Salomé Ureña 04/28/2015   BPMSU CDI RD863.44 G861t 2000 BPMSU15041412 04/28/2015 04/28/2015 Libros e.2
    Dewey Decimal Classification     Colección Infantil Dominicana Biblioteca Pública Metropolitana Salomé Ureña Biblioteca Pública Metropolitana Salomé Ureña 04/28/2015   BPMSU CDI RD863.44 G861t 2000 BPMSU15041413 04/28/2015 04/28/2015 Libros e.3